00380nam a2200157Ia 4500008004100000020001400041245001800055245005200073260001500125260001600140260000900156300001400165300002500179300001000204500000800214170705s9999 xx 000 0 und d a439267749 aFriend frog / cAlma Flor Ada ; illustrated by Lori Lohstoeter. aNew York : bScholastic, c2000 aunpaged : bcolor illustration ; c23cm. a460